[Event "AUT-ch U14"]
[Site "St Veit"]
[Date "2017.06.06"]
[Round "7.9"]
[White "Strobl, Samuel"]
[Black "Amtmann, Patrick"]
[Result "1-0"]
[WhiteElo "1504"]
[BlackElo "1198"]
[PlyCount "93"]
[EventDate "2017.06.03"]
[EventType "swiss"]
[EventRounds "7"]
[EventCountry "AUT"]
[SourceTitle "EXT 2024"]
[Source "ChessBase"]
[SourceDate "2023.10.10"]
[SourceVersion "1"]
[SourceVersionDate "2023.10.10"]
[SourceQuality "1"]

1. e4 e5 2. Nf3 Nc6 3. Bb5 Bc5 4. 0-0 Nf6 5. Re1 a6 6. Ba4 0-0 7. c3 Ba7 8. h3 d6 9. d3 Nh5 10. Bc2 Qf6 11. Bg5 Qg6 12. Kf1 f6 13. Bc1 Bxh3 14. gxh3 f5 15. Be3 fxe4 16. dxe4 Nf4 17. Bxf4 Rxf4 18. Nbd2 Raf8 19. Bd3 R8f6 20. Ke2 Qh6 21. h4 Rg6 22. Qb3+ Kf8 23. Rec1 Rgg4 24. Ke1 Qg6 25. Kd1 Bxf2 26. Qxb7 Na7 27. Qb8+ Qe8 28. Qxe8+ Kxe8 29. h5 Be3 30. Kc2 Nc6 31. Rf1 Ne7 32. Bxa6 g6 33. Be2 Bxd2 34. Nxd2 Rxf1 35. Rxf1 Rh4 36. hxg6 hxg6 37. a4 Rh8 38. a5 g5 39. Rg1 d5 40. exd5 Nxd5 41. Rxg5 Ne3+ 42. Kd3 Nd5 43. Rxe5+ Ne7 44. a6 Kd7 45. Bg4+ Kd6 46. Re6+ Kd7 47. Rh6+ 1-0